Missing Word: 'T' Names Quiz Stats

 Plays Quiz Updated Jun 20, 2018

Challenge
Share
Tweet
Embed
Score 0/24 Timer 02:00
1 Play Today
Full Name Missing Name % Correct
_____ RooseveltTheodore
93.9%
_____ Lee JonesTommy
90.7%
Mother _____Teresa
86.3%
Margaret _____Thatcher
86.1%
Shirley _____Temple
85.8%
_____ BennettTony
83.5%
_____ SpellingTori
82.4%
Charlize _____Theron
81.8%
_____ TimTiny
75.9%
_____ AquinasThomas
74%
Alex _____Trebek
72.3%
Leo _____Tolstoy
71.5%
Full Name Missing Name % Correct
Ted _____Turner
71.4%
_____ DaltonTimothy
70.9%
Henry David _____Thoreau
62.8%
_____ the ApemanTarzan
52.9%
John _____Travolta
51.3%
_____ StephensTabitha
46%
_____ und IsoldeTristan
45.3%
_____ GilliamTerry
44.8%
Andy _____Taylor
41.3%
_____ RundgrenTodd
40.9%
_____ MannTerence
18.9%
David _____Thewlis
9.4%

Today's Daily Dose

You're not logged in!

Compare scores with friends on all Sporcle quizzes.
OR
Log In

You Might Also Like...

Show Comments

Extras

Top Quizzes Today


Score Distribution

Your Account Isn't Verified!

In order to create a playlist on Sporcle, you need to verify the email address you used during registration. Go to your Sporcle Settings to finish the process.

Report this User

Report this user for behavior that violates our Community Guidelines.

Details: